00691nam a22002297a 4500003000400000005001700004008004100021010001300062020002200075035001300097037001600110040001700126082001300143100001900156245006100175260004600236270004700282300002200329500005200351650002700403650003100430dpl20170124110048.0161212b xxu||||| |||| 00| 0 eng d aA-933465 c75.00a8120312074 aA-933465 bCen Lib/Ret aDPLbENcTIT a658bPRO aProctor, Tony  aThe essences of management creativity /cby Tony Proctor aNew Delhi bPrentice Hall of India c1997 bNew Delhi aM-97, connaught circuse110001 ax, 22p.c21cm(Hb) aIncludes bibliographical references and index  aManagement creativity  aMarketing and business v